000 00826na a2200277 4500
001 17517
003 MIRAKIL
005 20181213155015.0
008 161025b tu 000 0
020 _a994451280X
035 _a17517
040 _aMilas
_btur
_cTR-AnCHP
041 _atur
082 _a379.561
_bT89a 2006
090 _a379.561 T89a 2006
100 _aTuzcu, Gökhan
245 _aAvrupa Birliği'ne giriş süreci ve eğitimde vizyon 2003
_cGökhan Tuzcu
260 _aAnkara
_bTürk Eğitim Derneği
_c2006
300 _axv, 310 s.
_btbl. ; şkl.
_c24 sm.
504 _aKaynakça var.
650 _aEğitim
_xFinans
_zAvrupa Birliği
650 _aEğitim
_xSosyal yönler
_zTürkiye
650 _aEğitim politikası
_zAvrupa Birliği
650 _aEğitim politikası
_zTürkiye
942 _2dcc
_cBKS
999 _c4718
_d4718